| 000 | 00591nam a2200181 i 4500 | ||
|---|---|---|---|
| 001 | 75987 | ||
| 003 | ES-MaACL | ||
| 005 | 20250905150528.0 | ||
| 007 | t| | ||
| 008 | 040928s1961 sp ||||1| spa d | ||
| 100 | 1 |
_aGreciet Aller, Esteban. _959818 |
|
| 245 | 1 | 0 |
_aFábulas negras y otros cuentos _b: relatos de humor para mayores / _cEsteban Greciet ; prólogo Dolores Medio. |
| 260 |
_aOviedo : _b[s.n., _c1961] ( _f"La Cruz") |
||
| 300 |
_a117 p., 11 lám. ; _c15 cm. |
||
| 700 | 1 |
_aMedio, Dolores, _d1911-1996 _979767 |
|
| 852 |
_aES-MaACL _jG-13709 _bR.48283 |
||
| 999 |
_c75987 _d75987 |
||